| Поле | Инд. | ПП | Название | Значение |
|---|---|---|---|---|
| Тип записи | a | |||
| Библиографический уровень | m | |||
| 001 | Контрольный номер | f28d0286-61c0-43e4-af25-430a823142e3 | ||
| 005 | Дата корректировки | 20141114154234.6 | ||
| 008 | Кодируемые данные | 990925 d | ||
| 020 | c | Цена, тираж | 64.06 | |
| 040 | a | Служба первич. каталог. | НБ ТвГУ | |
| 041 | a | Код языка текста | rus | |
| 080 | a | Индекс УДК | 281.93 | |
| 084 | a | Индекс другой классификации/Индекс ББК | Э372.2 | |
| 090 | a | Полочн. индекс | Э372.2 | |
| x | Авторский знак | П20 | ||
| 245 | 10 | a | Заглавие | Патерик или Отечник Печерский |
| b | Продолж. заглавия | [Микрофильм] | ||
| 260 | 0_ | a | Место издания | Тверь |
| b | Издательство | Тверской государственный университет | ||
| c | Дата издания | 1998 | ||
| 300 | a | Объем | 1 мф. | |
| 500 | a | Примечание | Микрорепрод. изд. : Киев: Типография Киево-Печерской Лавры, 1661 (7669!). | |
| 583 | a | Действие | Получение впервые 228 02.04.98 | |
| k | Исполнитель действия | Хиландарский договор | ||
| 650 | a | Основная рубрика | Русская Православная Церковь | |
| x | Основная подрубрика | История | ||
| x | Основная подрубрика | Собрания житий | ||
| 650 | a | Основная рубрика | Киево-Печерская Лавра | |
| x | Основная подрубрика | История | ||
| 650 | a | Основная рубрика | Патерики | |
| 653 | a | Ключевые слова | АВМ | |
| a | Ключевые слова | Иночество | ||
| a | Ключевые слова | Киево-Печерская Лавра | ||
| a | Ключевые слова | Киево-Печерский патерик | ||
| a | Ключевые слова | Микрофильмы | ||
| a | Ключевые слова | Монашество | ||
| a | Ключевые слова | Печерский монастырь | ||
| a | Ключевые слова | Русская Православная Церковь | ||
| 852 | t | Порядковый номер экземпляра | 1 | |
| p | Инвентарный номер | 694936 | ||
| p | Инвентарный номер | 694937 | ||
| 888 | a | Бесплатные | ||
| 930 | a | Новая/Ретро | АВМ | |
| a | Новая/Ретро | Микрофильмы | ||
| 952 | p | 228.98 64.06 1 694936 | ||
| p | 228.98 64.06 1 694937 | |||
| c | Вид литературы | МФК рн | ||
| 954 | a | Дата поступления на обработку | 06.04.98 | |
| 999 | a | Подразделение 2 | ОРК |